|
|
|
|
| LEADER |
00938cam a2200229 i 4500 |
| 001 |
12180060 |
| 003 |
GR-PaULI |
| 005 |
20210117210832.0 |
| 008 |
190214s1947 enka g 000 0 eng d |
| 952 |
|
|
|0 0
|1 0
|2 ddc
|4 0
|6 792_840000000000000_NIC
|7 0
|9 230044
|a THST
|b THST
|d 2019-02-14
|i 014784
|l 0
|o 792.84 NIC
|p 025000259904
|r 2019-02-14 00:00:00
|t 1
|v 2019.00
|w 2019-02-14
|y BK15
|
| 999 |
|
|
|c 139681
|d 139681
|
| 040 |
|
|
|a GR-PaULI
|c GR-PaULI
|b gre
|e AACR2
|
| 082 |
0 |
4 |
|a 792.84
|2 23
|
| 100 |
1 |
|
|a Nicolaeva-Legat, Nadine.
|e συγγραφέας
|9 173995
|
| 245 |
1 |
0 |
|a Ballet education /
|c by Nadine Nicolaeva-Legat.
|
| 260 |
|
|
|a London :
|b Geoffrey Bles,
|c 1947.
|
| 300 |
|
|
|a xxiii, 163 σ. :
|b σχεδ. ;
|c 26 εκ.
|
| 650 |
|
4 |
|a Μπαλλέτο
|x Εγχειρίδια, κτλ.
|9 173947
|
| 650 |
|
4 |
|a Μπαλλέτο
|x Τεχνική.
|9 173946
|
| 650 |
|
4 |
|a Χορός
|x Μελέτη και διδασκαλία
|9 22827
|
| 942 |
|
|
|2 ddc
|c BK15
|
| 998 |
|
|
|c ΜΑΝΙΑ
|d 2019-02
|